Vainqueur de la Bundesliga (1963-2019) - Statistiques

Statistiques générales
  • Ce quiz a été pris 3 064 fois
    2 860 depuis la dernière actualisation
  • Le résultat moyen est 43 sur 56
Statistiques - réponses
Hint Réponse % Correct
1994/95 Borussia Dortmund
99%
1995/96 Borussia Dortmund
99%
2001/02 Borussia Dortmund
99%
2010/11 Borussia Dortmund
99%
2011/12 Borussia Dortmund
99%
1968/69 Bayern Munich
97%
1971/72 Bayern Munich
97%
1972/73 Bayern Munich
97%
1973/74 Bayern Munich
97%
1979/80 Bayern Munich
97%
1980/81 Bayern Munich
97%
1984/85 Bayern Munich
97%
1985/86 Bayern Munich
97%
1986/87 Bayern Munich
97%
1988/89 Bayern Munich
97%
1989/90 Bayern Munich
97%
1993/94 Bayern Munich
97%
1996/97 Bayern Munich
97%
1998/99 Bayern Munich
97%
1999/00 Bayern Munich
97%
2000/01 Bayern Munich
97%
2002/03 Bayern Munich
97%
2004/05 Bayern Munich
97%
2005/06 Bayern Munich
97%
2007/08 Bayern Munich
97%
2009/10 Bayern Munich
97%
2012/13 Bayern Munich
97%
2013/14 Bayern Munich
97%
2014/15 Bayern Munich
97%
2015/16 Bayern Munich
97%
2016/17 Bayern Munich
97%
2017/18 Bayern Munich
97%
2018/19 Bayern Munich
97%
1978/79 Hambourg SV
63%
1981/82 Hambourg SV
63%
1982/83 Hambourg SV
63%
2008/09 Wolfsbourg
60%
1964/65 Werder Brême
57%
1987/88 Werder Brême
57%
1992/93 Werder Brême
57%
2003/04 Werder Brême
57%
1983/84 Stuttgart
52%
1991/92 Stuttgart
52%
2006/07 Stuttgart
52%
1963/64 Cologne
49%
1977/78 Cologne
49%
1969/70 Borussia Mönchengladbach
44%
1970/71 Borussia Mönchengladbach
44%
1974/75 Borussia Mönchengladbach
44%
1975/76 Borussia Mönchengladbach
44%
1976/77 Borussia Mönchengladbach
44%
1965/66 Munich 1860
33%
1967/68 Nuremberg
26%
1990/91 Kaiserslautern
22%
1997/98 Kaiserslautern
22%
1966/67 Eintracht Brunswick
7%
Aucun quiz correspondant
Distribution des résultats
% des personnes avec chaque résultat
Percentile par nombre de réponses
Votre historique - résultats
Vous n’avez pas pris ce quiz depuis la dernière actualisation